000 00213nam a22000977a 4500
999 _c264313
_d264312
020 _a9780439524735
100 _aJean Marzollo
245 _aI Spy A School Bus
260 _aUSA
_bScholastic Inc
_c2008
942 _cBK